[Event "World Senior Teams +65"]
[Site "Radebeul GER"]
[Date "2016.07.02"]
[Round "7.13"]
[Board "2"]
[White "Dickhoff, Ronald"]
[Black "Bhend, Edwin"]
[Result "1/2-1/2"]
[BlackTitle "IM"]
[WhiteElo "2106"]
[BlackElo "2169"]
[WhiteTeam "Koninklijke DD"]
[BlackTeam "Switzerland"]
[WhiteFideId "1006142"]
[BlackFideId "1300288"]
[EventDate "2016.06.26"]

1. d4 Nf6 2. c4 d6 3. Nc3 Nbd7 4. e4 e5 5. Nf3 c6 6. Be2 Be7 7. O-O O-O 8. Qc2
Qc7 9. h3 a6 10. Be3 b6 11. Rac1 Bb7 12. a3 Rac8 13. Qb1 Qb8 14. b4 b5 15. dxe5
dxe5 16. c5 Rfe8 17. Bd1 Rc7 18. Bb3 Rf8 19. Nh4 Nh5 20. Nf5 Ndf6 21. g3 Bc8 22.
Rcd1 Ne8 1/2-1/2

[Event "World Senior Teams +65"]
[Site "Radebeul GER"]
[Date "2016.07.02"]
[Round "7.13"]
[Board "3"]
[White "Hohler, Peter"]
[Black "Olof, Erik"]
[Result "1/2-1/2"]
[WhiteTitle "FM"]
[WhiteElo "2159"]
[BlackElo "1975"]
[WhiteTeam "Switzerland"]
[BlackTeam "Koninklijke DD"]
[WhiteFideId "1300296"]
[BlackFideId "1035762"]
[EventDate "2016.06.26"]

1. Nf3 d5 2. d4 Nf6 3. c4 c6 4. Nc3 g6 5. Bf4 Bg7 6. e3 O-O 7. h3 Bf5 8. Bd3
Bxd3 9. Qxd3 e6 10. O-O Nbd7 11. Rfd1 dxc4 12. Qxc4 Nd5 13. Nxd5 exd5 14. Qc2
Re8 15. Rab1 Nb6 16. Ne1 Bf8 17. Nd3 Bd6 18. Bxd6 Qxd6 19. Rbc1 Kg7 20. a4 a5
21. b3 Nd7 22. Qc3 f6 23. Rc2 h5 24. Rb1 Rec8 25. Nc5 Nxc5 26. dxc5 Qe5 27. b4
Qxc3 28. Rxc3 axb4 29. Rxb4 Rc7 30. Rcb3 Ra7 31. Kf1 Kf7 32. Ke2 Ke6 33. Kd3 1/2-1/2

[Event "World Senior Teams +65"]
[Site "Radebeul GER"]
[Date "2016.07.02"]
[Round "7.13"]
[Board "4"]
[White "Munninghoff, Alexander"]
[Black "Issler, Christian"]
[Result "1/2-1/2"]
[WhiteElo "1932"]
[BlackElo "2078"]
[WhiteTeam "Koninklijke DD"]
[BlackTeam "Switzerland"]
[WhiteFideId "1012460"]
[BlackFideId "1306456"]
[EventDate "2016.06.26"]

1. c4 e5 2. g3 Nc6 3. Bg2 g6 4. Nc3 Bg7 5. e4 d6 6. Nge2 Nge7 7. O-O O-O 8. d3
Be6 9. h3 Qd7 10. Kh2 h6 11. Nd5 Kh7 12. Be3 f5 13. f4 Nd4 14. Rc1 Nxe2 15. Qxe2
Nc6 16. c5 Nd4 17. Bxd4 exd4 18. cxd6 Bxd5 19. exd5 Rfe8 20. Qc2 cxd6 21. Rfe1
Rac8 22. Qd2 Rxc1 23. Qxc1 Rxe1 24. Qxe1 Qb5 25. Qd2 a5 26. g4 Qe8 27. gxf5 gxf5
28. b3 Qe3 29. Qxe3 dxe3 30. Kg3 Kg6 31. Bf3 Bf6 32. Be2 Bc3 33. Kg2 Bd4 34. Kf1
h5 35. Bf3 h4 36. Ke2 b5 37. Bg2 Kf6 1/2-1/2

[Event "World Senior Teams +65"]
[Site "Radebeul GER"]
[Date "2016.07.02"]
[Round "7.14"]
[Board "1"]
[White "Danner, Lambert"]
[Black "Opl, Klaus1"]
[Result "1-0"]
[BlackTitle "FM"]
[WhiteElo "2086"]
[BlackElo "2230"]
[WhiteTeam "Wien 2"]
[BlackTeam "Wien 1"]
[WhiteFideId "1305840"]
[BlackFideId "1600672"]
[EventDate "2016.06.26"]

1. g3 e5 2. c4 Nf6 3. Nc3 c6 4. d4 exd4 5. Qxd4 d5 6. cxd5 cxd5 7. Bg5 Be7 8.
Bg2 Nc6 9. Qa4 Be6 10. Nf3 h6 11. Be3 O-O 12. O-O a6 13. Nd4 Ne5 14. Nxe6 fxe6
15. Qd4 Nc6 16. Qd3 Nb4 17. Qg6 Qe8 18. Qxe8 Raxe8 19. Rac1 Ng4 20. Bb6 Ne5 21.
f4 Nd7 22. Bf2 Rc8 23. a3 Nc6 24. Bh3 Kf7 25. Nxd5 exd5 26. Bxd7 Rc7 27. Bg4 Bf6
28. Bb6 Re7 29. Bc5 Bd4+ 30. Kg2 Bxc5 31. Rxc5 Nd4 32. Kf2 Rfe8 33. Re1 b6 34.
Rc3 g6 35. Rd3 Nc2 36. Rc1 Ne3 37. Bf3 Kg7 38. b3 h5 39. h3 Re6 40. Rcc3 Nf5 41.
Rxd5 h4 42. g4 Nd6 43. Rcd3 Ne4+ 44. Bxe4 Rxe4 45. e3 R8e7 46. Kf3 R4e6 47. Rd6
Kf7 48. Rxe6 Rxe6 49. e4 Rc6 50. e5 Rc1 51. f5 Rf1+ 52. Ke4 Re1+ 53. Kf4 gxf5
54. gxf5 Ke7 55. Re3 Rg1 56. e6 Rf1+ 57. Kg4 Rf2 58. Rf3 Rg2+ 59. Kxh4 Rg8 60.
Rg3 Rh8+ 61. Kg4 Kf6 62. Re3 Ke7 63. Kf4 Rc8 64. b4 Rc1 65. Ke5 Rf1 66. h4 a5
67. bxa5 bxa5 68. a4 Rf2 69. h5 Rh2 70. f6+ Ke8 71. Rb3 Rxh5+ 72. Kd6 1-0

[Event "World Senior Teams +65"]
[Site "Radebeul GER"]
[Date "2016.07.02"]
[Round "7.14"]
[Board "2"]
[White "Strobel, Ferdinand"]
[Black "Nickl, Klaus"]
[Result "1/2-1/2"]
[WhiteTitle "FM"]
[WhiteElo "2037"]
[BlackElo "2028"]
[WhiteTeam "Wien 1"]
[BlackTeam "Wien 2"]
[WhiteFideId "1600290"]
[BlackFideId "1601024"]
[EventDate "2016.06.26"]

1. e4 e6 2. d4 d5 3. exd5 exd5 4. Nf3 Bd6 5. Bd3 Ne7 6. h3 Bf5 7. O-O O-O 8. Nc3
c6 9. Re1 Bxd3 10. Qxd3 Na6 11. a3 f6 1/2-1/2

[Event "World Senior Teams +65"]
[Site "Radebeul GER"]
[Date "2016.07.02"]
[Round "7.14"]
[Board "3"]
[White "Eidenberger, Otto"]
[Black "Teichmeister, Sven"]
[Result "0-1"]
[WhiteElo "2000"]
[BlackElo "2005"]
[WhiteTeam "Wien 2"]
[BlackTeam "Wien 1"]
[WhiteFideId "1621874"]
[BlackFideId "1614797"]
[EventDate "2016.06.26"]

1. e4 c5 2. Nf3 g6 3. d4 cxd4 4. Qxd4 Nf6 5. e5 Nc6 6. Qa4 Nd5 7. Qe4 Nb6 8. Bb5
Bg7 9. O-O O-O 10. Nc3 d5 11. exd6 exd6 12. Rd1 Bf5 13. Qf4 Bxc2 14. Rxd6 Qc7
15. Be3 Be5 16. Nxe5 Qxd6 17. Nxc6 Qxf4 18. Ne7+ Kg7 19. Bxf4 a6 20. Bf1 Rfe8
21. Rc1 Rxe7 22. Rxc2 Rc8 23. Re2 Rxe2 24. Bxe2 Nd7 25. Kf1 b5 26. a3 Nb6 27.
Be3 Nc4 28. Bc1 Ne5 29. Bd2 f6 30. Ke1 Kf7 31. Kd1 Ke6 32. Kc2 Nc4 33. b3 Ne5
34. f4 Nc6 35. Be3 f5 36. b4 Rd8 37. Bf3 Nd4+ 38. Bxd4 Rxd4 39. g3 Rd7 40. Ne2
Rc7+ 41. Kd2 Rd7+ 42. Kc3 Rc7+ 43. Kd3 Rd7+ 44. Nd4+ Kf6 45. Bc6 Rc7 46. a4 bxa4
47. Bxa4 Ke7 48. Bb3 Kd6 49. Bc4 Rb7 50. Kc3 Ra7 51. Nb3 Kc6 52. h4 Kd6 53. Nd4
Ra8 54. Kb3 a5 55. b5 Kc5 56. Ne6+ Kb6 57. Bd5 Re8 58. Kc4 Re7 59. h5 a4 60. Kb4
a3 61. hxg6 hxg6 62. Nc5 Re3 63. Na4+ Kc7 64. b6+ Kb8 65. Nc5 Rxg3 66. Na6+ 0-1

[Event "World Senior Teams +65"]
[Site "Radebeul GER"]
[Date "2016.07.02"]
[Round "7.14"]
[Board "4"]
[White "Titz, Herbert"]
[Black "Prochaska, Juergen"]
[Result "1/2-1/2"]
[WhiteElo "1950"]
[BlackElo "1887"]
[WhiteTeam "Wien 1"]
[BlackTeam "Wien 2"]
[WhiteFideId "1610040"]
[BlackFideId "1601806"]
[EventDate "2016.06.26"]

1. e4 c5 2. Nf3 d6 3. d4 cxd4 4. Nxd4 a6 5. c4 Nf6 6. Nc3 e6 7. Be2 Be7 8. O-O
Qc7 9. h3 Nc6 10. Be3 O-O 11. Rc1 Bd7 12. Qd2 Rac8 13. Rfd1 Rfd8 14. b3 Qb8 15.
Nf3 b5 16. cxb5 axb5 17. Bxb5 Nxe4 18. Nxe4 Qxb5 19. Nxd6 Bxd6 20. Qxd6 Be8 21.
Qc5 Qe2 22. Rxd8 Rxd8 23. Qc2 Qxc2 24. Rxc2 Nb4 25. Rb2 Rd1+ 26. Kh2 Ra1 27. a4
f6 28. Nd4 e5 29. Ne6 Bg6 30. Bb6 Bc2 31. Nc5 Rb1 32. Rxb1 Bxb1 33. a5 Nd3 34.
Nb7 Nb4 35. Nc5 Nd3 36. Na6 Ba2 37. b4 Bc4 38. b5 Bxb5 39. Nc7 1/2-1/2

[Event "World Senior Teams +65"]
[Site "Radebeul GER"]
[Date "2016.07.02"]
[Round "7.15"]
[Board "1"]
[White "Pamperin, Gerhard"]
[Black "Birk, Rainer"]
[Result "1/2-1/2"]
[WhiteElo "1936"]
[BlackElo "2136"]
[WhiteTeam "Rochade MV"]
[BlackTeam "Oberlausitz"]
[WhiteFideId "24651354"]
[BlackFideId "4684699"]
[EventDate "2016.06.26"]

1. d4 Nf6 2. c4 e6 3. Nf3 b6 4. Nc3 Bb7 5. e3 Bb4 6. Bd2 O-O 7. Be2 d5 8. cxd5
exd5 9. O-O Nbd7 10. a3 Bd6 11. Nb5 Be7 12. b4 a6 13. Nc3 Bd6 14. Bd3 Ne4 15.
Ne2 Qe7 16. Bc1 Kh8 17. Bb2 Rac8 18. Ng3 f5 19. Ne2 g5 20. g3 h6 21. Nd2 Ndf6
22. Nf3 Nd7 23. Ne1 g4 24. Ng2 Ndf6 25. Ngf4 1/2-1/2

[Event "World Senior Teams +65"]
[Site "Radebeul GER"]
[Date "2016.07.02"]
[Round "7.15"]
[Board "2"]
[White "Brauer, Christian"]
[Black "Jung, Werner"]
[Result "1/2-1/2"]
[WhiteElo "2102"]
[BlackElo "1973"]
[WhiteTeam "Oberlausitz"]
[BlackTeam "Rochade MV"]
[WhiteFideId "4610938"]
[BlackFideId "24669458"]
[EventDate "2016.06.26"]

1. c4 f5 2. g3 Nf6 3. Bg2 g6 4. Nc3 Bg7 5. e3 e5 6. d3 c6 7. f4 exf4 8. gxf4 Ng4
9. Nf3 Qe7 10. Qe2 Na6 11. h3 Nf6 12. O-O O-O 13. d4 Nh5 14. Re1 Re8 15. a3 d6
16. Bd2 Bd7 17. Kh2 Qf6 18. Qf1 Rad8 19. b4 Nc7 20. Rab1 a6 1/2-1/2

[Event "World Senior Teams +65"]
[Site "Radebeul GER"]
[Date "2016.07.02"]
[Round "7.15"]
[Board "3"]
[White "Schroeter, Reinhard"]
[Black "Selig, Rainer"]
[Result "0-1"]
[WhiteElo "1801"]
[BlackElo "2139"]
[WhiteTeam "Rochade MV"]
[BlackTeam "Oberlausitz"]
[WhiteFideId "12993530"]
[BlackFideId "24646105"]
[EventDate "2016.06.26"]

1. d4 d5 2. Nf3 Nf6 3. c4 c6 4. Nc3 Nbd7 5. Bg5 g6 6. e3 Bg7 7. Bd3 O-O 8. O-O
dxc4 9. Bxc4 c5 10. Qc2 cxd4 11. exd4 a6 12. a4 b6 13. Rfe1 Bb7 14. Qd3 e6 15.
Rac1 Qc7 16. Bb3 Qd6 17. Qd2 Bxf3 18. gxf3 Qb4 19. Qd1 Rfd8 20. Ne2 Rac8 21.
Rxc8 Rxc8 22. Bd2 Qd6 23. Bf4 Qc6 24. Ng3 Nd5 25. Be5 f6 26. Bxd5 Qxd5 27. Bf4
f5 28. Qe2 Bxd4 29. Qxe6+ Qxe6 30. Rxe6 Bxb2 31. Rd6 Rc4 32. Rxd7 Rxf4 33. Rd6
Rxa4 34. Rxb6 Bd4 35. Rb7 Ra2 36. Nh1 a5 37. Re7 a4 38. Rd7 Rd2 39. Rd8+ Kf7 40.
Ra8 Ra2 41. Rd8 Bc3 42. Rd7+ Ke6 43. Rxh7 a3 44. Rg7 Bxg7 0-1

[Event "World Senior Teams +65"]
[Site "Radebeul GER"]
[Date "2016.07.02"]
[Round "7.15"]
[Board "4"]
[White "Byhan, Gert"]
[Black "Kundt, Guenther"]
[Result "1-0"]
[WhiteElo "1953"]
[BlackElo "1717"]
[WhiteTeam "Oberlausitz"]
[BlackTeam "Rochade MV"]
[WhiteFideId "4648200"]
[BlackFideId "12975346"]
[EventDate "2016.06.26"]

1. e4 c5 2. b3 Nc6 3. Bb2 d6 4. Bb5 Bd7 5. Ne2 e6 6. O-O Nf6 7. d3 Be7 8. Nd2
O-O 9. Ng3 a6 10. Bxc6 Bxc6 11. Qe2 Nd7 12. f4 d5 13. e5 g6 14. Nf3 Nb6 15. Rfd1
Qc7 16. Kh1 Rae8 17. Ba3 Nd7 18. d4 Qa5 19. Bb2 Qc7 20. a4 Nb6 21. Ba3 Nd7 22.
dxc5 Bxc5 23. b4 Bxa4 24. bxc5 Bb5 25. Qe3 Rc8 26. c6 Qxc6 27. Bxf8 Kxf8 28. Nd4
Qb6 29. Qa3+ Kg7 30. Nxb5 Qxb5 31. Qb3 Qc6 32. Rdc1 Nc5 33. Qe3 b5 34. Ne2 Ne4
35. h3 b4 36. Nd4 Qb6 37. Nf5+ 1-0

[Event "World Senior Teams +65"]
[Site "Radebeul GER"]
[Date "2016.07.02"]
[Round "7.16"]
[Board "1"]
[White "Ofstad, Per"]
[Black "Ager, Josef"]
[Result "1-0"]
[WhiteElo "2139"]
[BlackElo "2158"]
[WhiteTeam "Norway Veteran"]
[BlackTeam "Niederoesterreich"]
[WhiteFideId "1500708"]
[BlackFideId "1607138"]
[EventDate "2016.06.26"]

1. e4 d6 2. d4 Nf6 3. Nc3 e5 4. Nf3 Nbd7 5. h3 Be7 6. Bc4 c6 7. a4 O-O 8. O-O a5
9. Bb3 exd4 10. Nxd4 Nc5 11. Qf3 Nxb3 12. Nxb3 Nd7 13. Nd4 Ne5 14. Qd1 Bf6 15.
b3 Re8 16. Be3 Qc7 17. Qd2 h6 18. Rad1 Bd7 19. Nde2 Be7 20. f4 Ng6 21. Ng3 Nf8
22. f5 d5 23. Nh5 Nh7 24. e5 Qxe5 25. Bd4 Bg5 26. Bxe5 Bxd2 27. Bxg7 Bg5 28. h4
Bxh4 29. Bxh6 Nf6 30. Rf4 Nxh5 31. Rxh4 Nf6 32. Rd3 Bxf5 33. Rf3 Bxc2 34. Rxf6
Re1+ 35. Kf2 Rae8 36. Bd2 R1e6 37. Rg4+ Bg6 38. Rxe6 Rxe6 39. Ne2 Kf8 40. Bxa5
Ke8 41. Rb4 Re7 42. Bb6 Bd3 43. Nf4 Ba6 44. Rd4 Re5 45. a5 Rf5 46. g3 Rf6 47.
Rd1 Kd7 48. Rh1 Kd6 49. b4 Rf5 50. Rh6+ Kd7 51. Bd4 Rg5 52. Rh7 Ke7 53. Rh8 1-0

[Event "World Senior Teams +65"]
[Site "Radebeul GER"]
[Date "2016.07.02"]
[Round "7.16"]
[Board "2"]
[White "Gneiss, Karl"]
[Black "Henrichsen, Erland"]
[Result "0-1"]
[WhiteElo "2183"]
[BlackElo "1943"]
[WhiteTeam "Niederoesterreich"]
[BlackTeam "Norway Veteran"]
[WhiteFideId "1605844"]
[BlackFideId "1512722"]
[EventDate "2016.06.26"]

1. c4 Nf6 2. g3 g6 3. Bg2 Bg7 4. Nc3 c5 5. Nf3 O-O 6. O-O d5 7. cxd5 Nxd5 8. d4
cxd4 9. Nxd4 Nxc3 10. bxc3 Qc7 11. Qb3 Na6 12. Ba3 Bf6 13. Rfc1 h5 14. Rab1 Rb8
15. Nb5 Qb6 16. c4 Bf5 17. e4 Be6 18. Qa4 Nc5 19. Qxa7 Qxa7 20. Nxa7 Nd3 21. Rc2
Rfd8 22. Bf1 Ne5 23. f4 Nf3+ 24. Kg2 Rd2+ 25. Rxd2 Nxd2 26. Rb4 Nxe4 27. Bb2 Nc3
28. a3 Rd8 29. Bc1 Na2 30. Be3 Nxb4 31. axb4 Bd4 32. Bxd4 Rxd4 33. Nb5 Rd2+ 34.
Kf3 Rb2 35. Nd4 Bxc4 36. Bxc4 Rxb4 37. Bd5 Rxd4 38. Bxb7 f6 39. h4 Kf7 40. Ke3
Rb4 41. Be4 Rxe4+ 42. Kxe4 Ke6 43. f5+ gxf5+ 44. Kf4 Kd5 45. Kxf5 e6+ 46. Kxf6
e5 47. Kf5 e4 48. Kf4 Kd4 49. g4 e3 50. gxh5 e2 51. h6 e1=Q 52. Kf5 Qe8 0-1

[Event "World Senior Teams +65"]
[Site "Radebeul GER"]
[Date "2016.07.02"]
[Round "7.16"]
[Board "3"]
[White "Jenkins, Tom Ivar"]
[Black "Weinwurm, Wolfgang"]
[Result "0-1"]
[WhiteElo "1873"]
[BlackElo "2172"]
[WhiteTeam "Norway Veteran"]
[BlackTeam "Niederoesterreich"]
[WhiteFideId "1509756"]
[BlackFideId "1619454"]
[EventDate "2016.06.26"]

1. d4 Nf6 2. c4 g6 3. Nc3 d5 4. Nf3 Bg7 5. e3 O-O 6. cxd5 Nxd5 7. Be2 c5 8. Nxd5
Qxd5 9. dxc5 Qxc5 10. O-O Nc6 11. Qb3 Be6 12. Qb5 Qxb5 13. Bxb5 Rfd8 14. Ng5 Bd7
15. e4 Rac8 16. Be3 Bxb2 17. Rab1 Bd4 18. Bxd4 Nxd4 19. Bxd7 Rxd7 20. Rb2 b6 21.
Nf3 Nxf3+ 22. gxf3 Kg7 23. Re1 e5 24. Kg2 Kf6 25. Kg3 g5 26. Ree2 h5 27. h3 Rc3
28. Rbd2 Rd4 29. Rc2 Rc5 30. Rb2 Rd1 31. Red2 Rg1+ 0-1

[Event "World Senior Teams +65"]
[Site "Radebeul GER"]
[Date "2016.07.02"]
[Round "7.16"]
[Board "4"]
[White "Winiwarter, Felix"]
[Black "Hellem, Gunnar"]
[Result "1-0"]
[WhiteElo "2101"]
[BlackElo "1627"]
[WhiteTeam "Niederoesterreich"]
[BlackTeam "Norway Veteran"]
[WhiteFideId "1601890"]
[BlackFideId "1514164"]
[EventDate "2016.06.26"]

1. e4 c5 2. Nf3 Nc6 3. d4 cxd4 4. Nxd4 g6 5. Nc3 a6 6. Be2 Bg7 7. Be3 Nf6 8. O-O
O-O 9. f4 d6 10. Kh1 b5 11. Nxc6 Qc7 12. e5 dxe5 13. fxe5 Nd7 14. Nd5 Qb7 15.
Ncxe7+ Kh8 16. Qd2 Nxe5 17. Nxc8 Raxc8 18. Rad1 Rcd8 19. Bh6 f5 20. Bxg7+ Kxg7
21. Bf3 Qf7 22. Qc3 Rfe8 23. Rfe1 Qe6 1-0

[Event "World Senior Teams +65"]
[Site "Radebeul GER"]
[Date "2016.07.02"]
[Round "7.17"]
[Board "1"]
[White "Palmo, Pentti"]
[Black "Haase, Wolfgang"]
[Result "1/2-1/2"]
[WhiteElo "1995"]
[BlackElo "2144"]
[WhiteTeam "Turku"]
[BlackTeam "Hessen 2"]
[WhiteFideId "501905"]
[BlackFideId "4627440"]
[EventDate "2016.06.26"]

1. e4 c5 2. Nf3 g6 3. d4 Bg7 4. Be2 Nc6 5. d5 Nd4 6. Nxd4 cxd4 7. O-O e5 8. c3
dxc3 9. Nxc3 d6 10. Qa4+ Bd7 11. Qb4 Qb8 12. Bb5 Nf6 13. Bg5 a6 14. Bxf6 Bxf6
15. Bxd7+ Kxd7 16. a4 b6 17. Qb3 Rc8 18. Na2 b5 19. Nb4 bxa4 20. Qxa4+ Qb5 21.
Nc6 Bd8 22. b4 Bb6 23. Ra2 Qxa4 24. Rxa4 Kc7 25. Rfa1 Kb7 26. Kf1 f5 27. exf5
gxf5 28. Ke2 Rg8 29. g3 Rg4 30. f3 Rgg8 31. b5 axb5 32. Rxa8 Rxa8 33. Rxa8 Kxa8 1/2-1/2

[Event "World Senior Teams +65"]
[Site "Radebeul GER"]
[Date "2016.07.02"]
[Round "7.17"]
[Board "2"]
[White "Benninger, Rudolf"]
[Black "Alkkiomaki, Jyrki"]
[Result "0-1"]
[WhiteElo "2099"]
[BlackElo "1973"]
[WhiteTeam "Hessen 2"]
[BlackTeam "Turku"]
[WhiteFideId "4699564"]
[BlackFideId "506893"]
[EventDate "2016.06.26"]

1. e4 e5 2. Nf3 Nc6 3. Bc4 Bc5 4. d3 Nf6 5. O-O d6 6. c3 h6 7. Nbd2 O-O 8. Bb3
Qe7 9. Re1 Kh8 10. Nf1 Nh7 11. Ne3 Bxe3 12. Bxe3 f5 13. exf5 Bxf5 14. h3 Qf6 15.
Bd5 Nd8 16. Nh2 c6 17. Be4 Ne6 18. Ng4 Qg6 19. Bxf5 Rxf5 20. Nh2 Nf4 21. Bxf4
Rxf4 22. Re4 Ng5 23. Re3 Raf8 24. Qe2 Rxf2 25. Qxf2 Rxf2 26. Kxf2 Ne6 27. g3 Nc5
28. Rd1 Qf7+ 29. Rf3 Qxa2 30. Rd2 e4 31. Rf8+ Kh7 32. d4 Nd3+ 33. Kg2 Qc4 34.
Ng4 Ne1+ 35. Kf2 Nf3 36. Re2 Qd3 37. Rf4 Ng5 38. Re3 Nxh3+ 0-1

[Event "World Senior Teams +65"]
[Site "Radebeul GER"]
[Date "2016.07.02"]
[Round "7.17"]
[Board "3"]
[White "Rantanen, Veikko"]
[Black "Niebling, Ferdinand"]
[Result "1/2-1/2"]
[WhiteElo "1966"]
[BlackElo "2132"]
[WhiteTeam "Turku"]
[BlackTeam "Hessen 2"]
[WhiteFideId "506770"]
[BlackFideId "4638425"]
[EventDate "2016.06.26"]

1. e4 e6 2. d4 d5 3. Nd2 Nf6 4. e5 Nfd7 5. Bd3 c5 6. c3 Nc6 7. Ne2 cxd4 8. cxd4
f6 9. f4 fxe5 10. fxe5 Nxd4 11. Nxd4 Qh4+ 12. Kf1 Qxd4 13. Nf3 Qb6 14. Nd4 Nxe5
15. Qh5+ Nf7 16. Bb5+ Ke7 17. Be3 Qd6 18. Re1 e5 19. Kg1 g6 20. Bg5+ Nxg5 21.
Qxg5+ Qf6 22. Rxe5+ Kf7 23. Qxf6+ Kxf6 24. Rxd5 Be6 25. Nxe6 Kxe6 26. Bc4 Bd6
27. g3 Rac8 28. b3 Rhd8 29. Kg2 Kf6 30. Rf1+ Kg7 31. Rd2 Be5 32. Rf7+ Kh6 33.
Re2 Bd6 34. Rxb7 Rc7 35. Rb5 Bc5 36. b4 Bb6 37. Bb3 Rd4 38. a4 Rc3 39. a5 Rxb3
40. axb6 axb6 41. Rxb6 1/2-1/2

[Event "World Senior Teams +65"]
[Site "Radebeul GER"]
[Date "2016.07.02"]
[Round "7.17"]
[Board "4"]
[White "Falk, Thomas"]
[Black "Lehtosaari, Kalevi"]
[Result "1/2-1/2"]
[WhiteElo "2094"]
[BlackElo "1953"]
[WhiteTeam "Hessen 2"]
[BlackTeam "Turku"]
[WhiteFideId "4634624"]
[BlackFideId "501174"]
[EventDate "2016.06.26"]

1. d4 d5 2. c4 c6 3. Nf3 Nf6 4. Nbd2 e6 5. g3 Nbd7 6. Bg2 Bd6 7. b3 O-O 8. Bb2
Re8 9. O-O e5 10. dxe5 Nxe5 11. cxd5 Nxd5 12. Nxe5 Bxe5 13. Bxe5 Rxe5 14. Nc4
Re8 15. Qd2 Bg4 16. e4 Nc7 17. f3 1/2-1/2

[Event "World Senior Teams +65"]
[Site "Radebeul GER"]
[Date "2016.07.02"]
[Round "7.18"]
[Board "1"]
[White "Taksrud, Vidar"]
[Black "Schroeter, Helmut"]
[Result "0-1"]
[WhiteElo "1979"]
[BlackElo "2073"]
[WhiteTeam "Norway 3"]
[BlackTeam "TuR Dresden"]
[WhiteFideId "1502158"]
[BlackFideId "24631779"]
[EventDate "2016.06.26"]

1. d4 Nf6 2. c4 e5 3. dxe5 Ng4 4. e4 Nxe5 5. f4 Nec6 6. Nf3 Bc5 7. Nc3 d6 8. Bd3
Bg4 9. h3 Bxf3 10. Qxf3 Nd4 11. Qg3 Rg8 12. Bd2 Nbc6 13. Nd5 Ne7 14. O-O-O c6
15. Nxe7 Qxe7 16. e5 O-O-O 17. Rhe1 g6 18. Bc3 d5 19. cxd5 Rxd5 20. Bc4 Nf5 21.
Qf3 Rxd1+ 22. Qxd1 Ne3 23. Qe2 Nxc4 24. Qxc4 Rd8 25. g4 b5 26. Qe4 Qd7 27. f5
Qd5 28. e6 Re8 29. Qxd5 cxd5 30. Kd2 fxe6 31. Bg7 Kd7 32. f6 Bb4+ 33. Ke2 Bxe1
34. Kxe1 Rc8 35. Bh6 Ke8 36. Be3 a6 37. Kd2 Kf7 38. g5 Rc4 39. Bf2 e5 40. b3 Rf4
41. Ke2 d4 42. Be1 e4 43. h4 Rg4 44. a4 bxa4 45. bxa4 Rg2+ 46. Kf1 Ra2 47. a5 d3
48. Bb4 0-1

[Event "World Senior Teams +65"]
[Site "Radebeul GER"]
[Date "2016.07.02"]
[Round "7.18"]
[Board "2"]
[White "Appelt, Gerd"]
[Black "Nordby, Bernt"]
[Result "1/2-1/2"]
[WhiteElo "2011"]
[BlackElo "2017"]
[WhiteTeam "TuR Dresden"]
[BlackTeam "Norway 3"]
[WhiteFideId "4691342"]
[BlackFideId "1500694"]
[EventDate "2016.06.26"]

1. e4 e6 2. d4 d5 3. e5 c5 4. c3 Qb6 5. Bd3 Nc6 6. Nf3 cxd4 7. cxd4 Bd7 8. O-O
Nh6 9. Nc3 Nxd4 10. Nxd4 Qxd4 11. Qe2 a6 12. Rd1 Qg4 13. f3 Bc5+ 14. Kh1 Qh5 15.
Bf4 f5 16. exf6 O-O 17. g4 Qh4 18. Be5 gxf6 19. Bg3 Qg5 20. Qc2 Rac8 21. Bxh7+
Kh8 22. Bd3 Qe3 23. Rf1 Bb4 24. Rae1 Qc5 25. Bf4 Nf7 26. Qg2 Rg8 27. Qh3+ Kg7
28. Qh7+ Kf8 29. Bg6 Rg7 30. Qh5 d4 31. Bxf7 dxc3 32. bxc3 Rxf7 33. cxb4 Qxh5
34. Bd6+ Kg7 35. gxh5 e5 36. Rg1+ Kh7 1/2-1/2

[Event "World Senior Teams +65"]
[Site "Radebeul GER"]
[Date "2016.07.02"]
[Round "7.18"]
[Board "3"]
[White "Zakariassen, Tom"]
[Black "Seibt, Manfred"]
[Result "1/2-1/2"]
[WhiteElo "1797"]
[BlackElo "1987"]
[WhiteTeam "Norway 3"]
[BlackTeam "TuR Dresden"]
[WhiteFideId "1513753"]
[BlackFideId "24639869"]
[EventDate "2016.06.26"]

1. f4 Nf6 2. Nf3 d5 3. e3 g6 4. d4 Bg7 5. Bd3 O-O 6. Nbd2 Nbd7 7. O-O c5 8. c3
Ng4 9. Qe2 f5 10. Ne5 c4 11. Bc2 Ndxe5 12. dxe5 Bd7 13. Nf3 Qc7 14. Nd4 e6 15.
Bd2 b5 16. h3 Nh6 17. b4 a5 18. a3 axb4 19. axb4 Ra7 20. Rfb1 Rfa8 21. Qe1 Nf7
22. Qc1 Nd8 23. Bd1 Bf8 24. Bf3 Be7 25. Qb2 Ra4 26. Bd1 R4a6 27. Rxa6 Rxa6 28.
Ra1 Qa7 29. Rxa6 Qxa6 30. Bc1 Nc6 1/2-1/2

[Event "World Senior Teams +65"]
[Site "Radebeul GER"]
[Date "2016.07.02"]
[Round "7.19"]
[Board "1"]
[White "Niebuhr, Gerd"]
[Black "Harding, Tim D"]
[Result "0-1"]
[BlackTitle "CM"]
[WhiteElo "1931"]
[BlackElo "2001"]
[WhiteTeam "Freibauer Niedersachsen"]
[BlackTeam "Ireland"]
[WhiteFideId "24616443"]
[BlackFideId "2500256"]
[EventDate "2016.06.26"]

1. d4 d5 2. c4 c6 3. Nf3 Nf6 4. Nc3 e6 5. e3 Nbd7 6. Bd3 dxc4 7. Bxc4 b5 8. Bb3
b4 9. Ne2 Bb7 10. O-O Bd6 11. Ng3 O-O 12. Qe2 c5 13. Rd1 Qb6 14. Bc4 a5 15. a4
Rfc8 16. b3 Bxg3 17. hxg3 Ne4 18. Bb2 Ba6 19. Rac1 Bxc4 20. Qxc4 Ndf6 21. dxc5
Qxc5 22. Qd4 Qxd4 23. Nxd4 Nd5 24. Nb5 f6 25. Rc4 Rxc4 26. bxc4 Nb6 27. Rd4 Nc5 0-1